Un rayo de esperanza / (Record no. 192819)

MARC details
000 -LEADER
campo de control de longitud fija 01062nam a2200313 i 4500
001 - NÚMERO DE CONTROL
campo de control 192819
003 - IDENTIFICADOR DE NÚMERO DE CONTROL
campo de control SpMaBN
005 - FECHA Y HORA DE LA ÚLTIMA TRANSACCIÓN
campo de control 20250804062653.0
008 - DATOS DE LONGITUD FIJA--INFORMACIÓN GENERAL
campo de control de longitud fija 230529s2016 sp 000 f spa
017 ## - NÚMERO DE COPYRIGHT O DE DEPÓSITO LEGAL
Número de copyright o de depósito legal B 17922-2016
Agencia que asigna Oficina Depósito Legal Barcelona
020 ## - NÚMERO INTERNACIONAL ESTÁNDAR DEL LIBRO
Número Internacional Estándar del Libro 9788416820306
035 ## - NÚMERO DE CONTROL DEL SISTEMA
Número de control de sistema (OCoLC)962132374
040 ## - FUENTE DE CATALOGACIÓN
Centro catalogador/agencia de origen SpMaBN
Lengua de catalogación spa
Centro/agencia transcriptor SpMaBN
Normas de descripción rdc
Centro/agencia modificador ES-MaACL
080 ## - NÚMERO DE LA CLASIFICACIÓN DECIMAL UNIVERSAL
Número de la Clasificación Decimal Universal 821.134.2-31"19"
100 1# - ENTRADA PRINCIPAL--NOMBRE DE PERSONA
Nombre de persona Miralles, Francesc,
Fechas asociadas al nombre 1968-
Término indicativo de función/relación Autor
9 (RLIN) 226467
245 13 - MENCIÓN DEL TÍTULO
Título Un rayo de esperanza /
Mención de responsabilidad, etc. Francesc Miralles
250 ## - MENCION DE EDICION
Mención de edición Primera edición en esta colección: septiembre de 2016
260 ## - PUBLICACIÓN, DISTRIBUCIÓN, ETC.
Lugar de publicación, distribución, etc. Barcelona :
Nombre del editor, distribuidor, etc. Plataforma Editorial,
Fecha de publicación, distribución, etc. 2016
300 ## - DESCRIPCIÓN FÍSICA
Extensión 142 páginas ;
Dimensiones 22 cm
336 ## - TIPO DE CONTENIDO
Término de tipo de contenido Texto (visual)
Fuente isbdcontent
337 ## - TIPO DE MEDIO
Nombre/término del tipo de medio sin mediación
Fuente isbdmedia
490 1# - MENCIÓN DE SERIE
Mención de serie Plataforma ficción
655 #0 - TERMINO DE INDIZACIÓN--GENERO/FORMA
Datos o término principal de género/forma Novelas
9 (RLIN) 234319
830 ## - PUNTO DE ACCESO ADICIONAL DE SERIE-TÍTULO UNIFORME
9 (RLIN) 226461
Título uniforme Plataforma ficción
852 ## - LOCALIZACIÓN
Ubicación ES-MaACL
Sublocalización o colección R.151870
Ubicación en estantería Depósito J
Donativo/Legado Donación: Editorial
Número de control de estantería N-8441
itemnumber 200121
942 ## - ELEMENTOS DE ENTRADA SECUNDARIOS (KOHA)
Tipo de ítem Koha Libro impreso
Suprimir en OPAC No
Holdings
Estatus retirado Estado de pérdida Fuente del sistema de clasificación o colocación Estado de daño No para préstamo Biblioteca de origen Biblioteca actual Ubicación en estantería Fecha de adquisición Fuente de adquisición Total de préstamos Signatura topográfica completa Código de barras Visto por última vez Tipo de ítem Koha
    Clasificación decimal universal     Biblioteca del Ateneo de Madrid Biblioteca del Ateneo de Madrid Depósito J 18/07/2017 Donación   N-8441 101205410 29/05/2023 Libro impreso